<?xml version='1.0' encoding='UTF-8'?><?xml-stylesheet href='static/style.xsl' type='text/xsl'?><OAI-PMH xmlns="http://www.openarchives.org/OAI/2.0/" xmlns:xsi="http://www.w3.org/2001/XMLSchema-instance" xsi:schemaLocation="http://www.openarchives.org/OAI/2.0/ http://www.openarchives.org/OAI/2.0/OAI-PMH.xsd"><responseDate>2026-04-30T16:56:32Z</responseDate><request verb="GetRecord" identifier="oai:ebiltegia.mondragon.edu:20.500.11984/13973" metadataPrefix="marc">https://ebiltegia.mondragon.edu/oai/request</request><GetRecord><record><header><identifier>oai:ebiltegia.mondragon.edu:20.500.11984/13973</identifier><datestamp>2026-01-29T08:37:55Z</datestamp><setSpec>com_20.500.11984_473</setSpec><setSpec>col_20.500.11984_1072</setSpec></header><metadata><record xmlns="http://www.loc.gov/MARC21/slim" xmlns:dcterms="http://purl.org/dc/terms/" xmlns:xsi="http://www.w3.org/2001/XMLSchema-instance" xmlns:doc="http://www.lyncode.com/xoai" xsi:schemaLocation="http://www.loc.gov/MARC21/slim http://www.loc.gov/standards/marcxml/schema/MARC21slim.xsd">
   <leader>00925njm 22002777a 4500</leader>
   <datafield ind2=" " ind1=" " tag="042">
      <subfield code="a">dc</subfield>
   </datafield>
   <datafield ind2=" " ind1=" " tag="720">
      <subfield code="a">De-la-Fuente-Cosgaya, Miguel</subfield>
      <subfield code="e">author</subfield>
   </datafield>
   <datafield ind2=" " ind1=" " tag="260">
      <subfield code="c">2025-10-31</subfield>
   </datafield>
   <datafield ind2=" " ind1=" " tag="520">
      <subfield code="a">La Experiencia Cooperativa de Mondragón es una de las iniciativas cooperativas más conocidas del mundo. Su singularidad y su dimensión, vinculadas  a  su  voluntad  de  difusión,  han  hecho  de  esta  red  de  cooperativas  interconectadas  un  ejemplo  de  primer  orden  sobre  las  potencialidades  de  la  Economía Social y Solidaria vasca. Cuando se analiza como fue el proceso de difusión  de  Mondragón  se  tiende  a  pensar  que  este  fue  un  proceso  popular  en el ámbito vasco y que las publicaciones académicas tan solo se dieron gracias a las publicaciones inglesas y americanas. En este artículo tratamos de desmontar  estos  prejuicios,  con  una  investigación  sobre  los  procesos  de  difusión  y  divulgación  de  esta  Experiencia.  En  la  misma  demostramos  que  los  primeros cooperativistas tuvieron un deseo inequívoco de dar a conocer su modelo, tanto en un nivel popular en diferentes pueblos y ciudades vascas como en el debate académico. Además, logramos analizar como se dio el salto de escala a la divulgación internacional y cómo esto se produjo mediante las publicaciones tempranas que se dieron en Francia, gracias a la primera generación de fundadores y al interés que despertó la Experiencia entre diferentes agentes sociales y políticos de Iparralde.</subfield>
   </datafield>
   <datafield ind2=" " ind1=" " tag="520">
      <subfield code="a">Mondragon  is  one  of  the  most  prominent  cooperative  initiatives worldwide. Its singularity and its size, coupled with a strong commitment to  dissemination,  have  positioned  this  network  of  interconnected  coopera-tives as a leading example of the potential of the Basque Social and Solidarity Economy.  When  examining  the  spreading  process  of  the  Mondragon  Cooperativism,  it  is  often  assumed  that  it  was  primarily  a  grassroots  phenomenon  within  the  Basque  Country,  and  that  academic  publications  arose  mainly  due  to  English  and  American  contributions.  This  article  challenges  these  assumptions through a rigorous investigation of the diffusion and dissemination processes surrounding this experience. We demonstrate that the early cooperators had a clear intention to promote their model both at the popular level within the Basque country, and within academic discourse. Furthermore, we examine how  international  outreach  was  achieved,  particularly  through  early  publications in France, which were driven by the first generation of founders and the interest  the  Experience  generated  among  various  social  and  political  actors  in  the French Basque Country.</subfield>
   </datafield>
   <datafield ind1="8" ind2=" " tag="024">
      <subfield code="a">1134-993X</subfield>
   </datafield>
   <datafield ind1="8" ind2=" " tag="024">
      <subfield code="a">2386-4893</subfield>
   </datafield>
   <datafield ind1="8" ind2=" " tag="024">
      <subfield code="a">https://katalogoa.mondragon.edu/janium-bin/janium_login_opac.pl?find&amp;ficha_no=191526</subfield>
   </datafield>
   <datafield ind1="8" ind2=" " tag="024">
      <subfield code="a">https://hdl.handle.net/20.500.11984/13973</subfield>
   </datafield>
   <datafield tag="653" ind2=" " ind1=" ">
      <subfield code="a">Cooperativismo vasco</subfield>
   </datafield>
   <datafield tag="653" ind2=" " ind1=" ">
      <subfield code="a">Experiencia  Cooperativa  de  Mondragon</subfield>
   </datafield>
   <datafield tag="653" ind2=" " ind1=" ">
      <subfield code="a">Análisis doctrinal</subfield>
   </datafield>
   <datafield tag="653" ind2=" " ind1=" ">
      <subfield code="a">Socio-Historia cooperativa</subfield>
   </datafield>
   <datafield tag="653" ind2=" " ind1=" ">
      <subfield code="a">Basque  cooperativism</subfield>
   </datafield>
   <datafield tag="653" ind2=" " ind1=" ">
      <subfield code="a">Mondragon  Cooperative  Experience</subfield>
   </datafield>
   <datafield tag="653" ind2=" " ind1=" ">
      <subfield code="a">Doctrinal analysis</subfield>
   </datafield>
   <datafield tag="653" ind2=" " ind1=" ">
      <subfield code="a">Cooperative socio-history</subfield>
   </datafield>
   <datafield ind2="0" ind1="0" tag="245">
      <subfield code="a">La difusión de la experiencia cooperativa de Mondragón. De Arrasate al mundo pasando por Iparralde</subfield>
   </datafield>
</record></metadata></record></GetRecord></OAI-PMH>